Представление документа в формате RUSMARC

ПолеНазваниеЗначение
  Тип записи i
  Библиографический уровень m
001 Контрольный номер RU/IS/BASE/357316979
005 Дата корректировки 20201206204803.0
010 Индекс ISBN __
d Цена 388-81; 367-20
101 Язык документа __
a Язык текста rus
200 Заглавие и сведения об ответственности 1_
a Заглавие Обитаемый остров
e Сведения, относящиеся к заглавию [аудиокнига : повесть]
f Первые сведения об ответственности Аркадий и Борис Стругацкие ; звукорежиссер Мария Мануилова ; читает Александр Резалин
b Общее обозначение материала Звукозапись
210 Выходные данные __
a Место издания М.
c Издательство Вокруг света
c Издательство Равновесие
c Издательство Говорящая кн.
d Дата издания 2010
215 Физическое описание __
a Объем 2 электрон. опт. диска (Audio CD) (13 ч. 15 мин.)
225 Серия __
a Серия Библиотека альманаха "Полдень. XXI век"
225 Серия __
a Серия 3 в 1! : Звук, Текст, Визуал - слушай, смотри, читай!
300 Общие примечания __
a Общие примечания CD-плеер с поддержкой MP3 ; Pentium-233 с Windows 98-XP ; CD-ROM ; AudioCD ; звуковая карта
323 Примечание о главных создателях, исполнителях, участниках __
a Примечание о главных создателях, исполнителях, участниках Резалин, А. (читает)
330 Аннотация __
a Аннотация Молодой парень Максим из благополучного и светлого XXII века случайно попадает на планету Саркаш, в страну с жутким тоталитарном режимом, и сюжет начинает разворачиваться по законам боевика. Благородный герой в отчаянном стремлении к справедливости хочет не только изменить окружающий мир, но и понять его законы.
333 Примечание о целевом назначении __
a Примечание о целевом назначении 12+. Для детей старше 12 лет
606 Тематические рубрики __
a Основная рубрика Художественная литература
606 Тематические рубрики __
a Основная рубрика Русская литература XX в. (произведения)
610 Ключевые слова __
a Ключевые слова фантастика; фантастическая проза; фантастические повести; фантастические произведения; тема приключений; тема будущего; тема личности; тема человека; советская литература; тема космоса
686 Индексы других классификаций __
a Классификационный индекс 84(2Рос=Рус)6-445я04
700 Автор _1
a Фамилия Стругацкий
b Имя А. Н.
g Полное личное имя Аркадий Натанович
4 Код отношения 070
702 Вторичная интеллектуальная ответственность _1
a Фамилия Стругацкий
b Имя Б. Н.
4 Код отношения Автор
g Полное личное имя Борис Натанович
702 Вторичная интеллектуальная ответственность _1
a Фамилия Мануилова
b Имя М.
4 Код отношения Звукорежиссер
801 Источник записи _0
a Страна RU
b Организация Муниципальное бюджетное учреждение культуры "Централизованная библиотечная система" г. Сургут (Центральная городская библиотека им. А. С. Пушкина)
g Правила каталогизации КиК/Поспелова; КИК/Елгина
801 Источник записи _1
a Страна RU
b Организация Муниципальное бюджетное учреждение культуры "Централизованная библиотечная система" г. Сургут (Центральная городская библиотека им. А. С. Пушкина)
g Правила каталогизации КиК/Поспелова; КИК/Елгина
852 Данные о местонахождении __
j Шифр хранения 84(2Рос=Рус)6-445я04
i Авторский знак С 87
901 Тип документа __
t Тип документа 0
903 Характеристики (МАРС) __
a Дата передачи 20110610; 20110428
969 Тип издания __
a Тип издания аудиокнига
990 Данные о заказе (DOS) __
j Количество экземпляров (DOS) 2
h N записи в КСУ для Б/У (DOS) 201107; 201106